Statistiques concernant Orthographe - Langue française - Corrigez ces mots

Cliquez ici pour prendre le quiz!

Statistiques générales

  • Ce quiz a été pris 448 fois
  • Le résultat moyen est 16 sur 30

Statistiques - réponses

Mots mal orthographiés :Bonne orthographe :% Correct
Un magazinneMagazine
83%
Un akeuilleAccueil
82%
Une trotineteTrottinette
82%
TaiknélojikTechnologique
77%
Une picurPiqûre
70%
Une apélassionAppellation
66%
Un yoteYacht
65%
Un ipopotameHippopotame
64%
La diaréDiarrhée
61%
Un puiPuits
60%
MajintaMagenta
58%
Un konssinssuceConsensus
56%
Le brouaBrouhaha
55%
KokssisseCoccyx
55%
Enti constitussionailemantAnticonstitutionnellement
53%
L'ipoglissémiHypoglycémie
53%
DilijantDiligent
52%
"Anlocurance"En l'occurrence
52%
Un kinézitérapeteKinésithérapeute
52%
KonviksionConviction
51%
SincronizéSynchronisé
50%
"Kaslanetiene"Qu'à cela ne tienne
49%
Un kafarnaomeCapharnaüm
48%
Une intergouvairnemantalisassionIntergouvernementalisation
46%
Une amidalAmygdale
44%
AkièsserAcquiescer
35%
Un ornitorainkOrnithorynque
30%
Un rododindronRhododendron
30%
La sirozeCirrhose
28%
FuchiaFuchsia
23%

Distribution des résultats

Percentile par nombre de réponses

% des personnes avec chaque résultat

Votre développement - résultats

Vous n’avez pas pris ce quiz